000 00393nam a22001937a 4500
003 UA-OsUOA
001 2788
007 ta
008 20050721b un ||||| |||| 00| 0 ukr d
100 _aMcEvoy
700 _aS.
700 _aSmith
700 _aL.
942 _cBK
040 _aUA-OsUOA
_cUA-OsUOA
_dUA-OsUOA
245 _aNew Kids on the Block.
_bFiction
955 _a2
650 7 _2UDC
999 _c288950
_d288950